Familien-Atlas / 2 Karten und Zahlen / Renate Bauereiß; Hiltrud Bayer / Walter Bien
| Contributors: | ; ; |
|---|---|
| Format: | Print Book |
| Language: | German |
| Published: |
Opladen
Leske + Budrich
1997
|
| In: |
Familien-Atlas Lebenslagen und Regionen in Deutschland; Karten und Zahlen
Year: 1997 |
| Online Access: |
Cover |
| Availability in Tübingen: | Present in Tübingen. IFK: H II 59 |
| Check availability: | HBZ Gateway |
| Subito Delivery Service: | Order now. |
MARC
| LEADER | 00000cam a2200000 cc4500 | ||
|---|---|---|---|
| 001 | 1132577764 | ||
| 003 | DE-627 | ||
| 005 | 20230428054428.0 | ||
| 007 | tu | ||
| 008 | 971118s1997 xx ||||| 00| ||ger c | ||
| 020 | |a 3810016543 |9 3-8100-1654-3 | ||
| 035 | |a (DE-627)1132577764 | ||
| 035 | |a (DE-576)06257776X | ||
| 035 | |a (DE-599)BSZ06257776X | ||
| 035 | |a (OCoLC)312709483 | ||
| 040 | |a DE-627 |b ger |c DE-627 |e rakwb | ||
| 041 | |a ger | ||
| 084 | |a MS 1900 |2 rvk |0 (DE-625)rvk/123624: | ||
| 084 | |a DU 4000 |2 rvk |0 (DE-625)rvk/20046:761 | ||
| 245 | 0 | 0 | |a Familien-Atlas |n 2 |p Karten und Zahlen / Renate Bauereiß; Hiltrud Bayer / Walter Bien |
| 246 | 3 | 0 | |a Familienatlas |
| 264 | 1 | |a Opladen |b Leske + Budrich |c 1997 | |
| 300 | |a XXIII, 203 S. |b graph. Darst., Kt. | ||
| 336 | |a Text |b txt |2 rdacontent | ||
| 337 | |a ohne Hilfsmittel zu benutzen |b n |2 rdamedia | ||
| 338 | |a Band |b nc |2 rdacarrier | ||
| 700 | 1 | |a Bauereiß, Renate |0 (DE-627)1239156243 |0 (DE-576)169156249 |4 oth | |
| 700 | 1 | |a Bayer, Hiltrud |4 oth | |
| 700 | 1 | |a Bien, Walter |d 1950- |0 (DE-588)130274941 |0 (DE-627)496470477 |0 (DE-576)160291097 |4 oth | |
| 773 | 1 | 8 | |a Familien-Atlas Lebenslagen und Regionen in Deutschland; Karten und Zahlen |w (DE-627)1098859383 |w (DE-576)028859383 |g 2 |q 2 |7 nnam |
| 856 | 4 | 2 | |u https://swbplus.bsz-bw.de/bsz06257776xcov.jpg |m V:DE-576 |m X:springer |q image/jpeg |v 20130404105304 |3 Cover |7 1 |
| 936 | r | v | |a MS 1900 |b Allgemeine Darstellungen |k Soziologie |k Spezielle Soziologien |k Familiensoziologie |k Allgemeine Darstellungen |0 (DE-627)1270818015 |0 (DE-625)rvk/123624: |0 (DE-576)200818015 |
| 936 | r | v | |a DU 4000 |b Allgemeines und Deutschland |k Pädagogik |k Pädagogische Soziologie |k Familiensoziologie |k Allgemeines und Deutschland |0 (DE-627)1270809792 |0 (DE-625)rvk/20046:761 |0 (DE-576)200809792 |
| 951 | |a MV | ||
| ELC | |b 1 | ||
| LOK | |0 000 xxxxxcx a22 zn 4500 | ||
| LOK | |0 001 2316850707 | ||
| LOK | |0 003 DE-627 | ||
| LOK | |0 004 1132577764 | ||
| LOK | |0 005 20010517000000 | ||
| LOK | |0 008 980729||||||||||||||||ger||||||| | ||
| LOK | |0 040 |a DE-21-110 |c DE-627 |d DE-21-110 | ||
| LOK | |0 852 |a DE-21-110 | ||
| LOK | |0 852 1 |c H II 59 |m p |9 00 | ||
| LOK | |0 935 |a k110 | ||
| LOK | |0 936ln |a 7.1 | ||
| LOK | |0 938 |k p | ||
| LOK | |0 939 |a 29-07-98 |b l01 | ||
| ORI | |a SA-MARC-krimdoka001.raw | ||
| SIG | |a IFK: H II 59 | ||
